Disney/Pixar Love Interests - Statistics

General Stats
  • This quiz has been taken 257 times
  • The average score is 17 of 26
Answer Stats
Male Female % Correct
Mickey Minnie
99%
Aladdin Jasmine
98%
Beast Belle
96%
Simba Nala
93%
Tramp Lady
89%
Prince Charming Cinderella
88%
Donald Daisy
88%
Tarzan Jane
87%
Kristoff Anna
85%
Mr Potato Head Mrs Potato Head
81%
Li Shang Mulan
81%
Flynn Rider Rapunzel
79%
Wall-E Eve
78%
John Smith Pocahontas
77%
Ken Barbie
71%
Hercules Megara
64%
Tiana Prince Naveen
61%
Mr Incredible Elastigirl
57%
Pongo Perdita
47%
Carl Fredricksen Ellie Frederiksen
45%
Lightning McQueen Sally
42%
Marlin Coral
34%
Bambi Faline
32%
Mike Wazowski Celia
29%
Tod Vixey
18%
Alfredo Linguini Colette Tatou
9%
No matching quizzes found
Score Distribution
Percent of People with Each Score
Percentile by Number Answered
Your Score History
You have not taken this quiz